000 00834nam a2200229Ia 4500
005 20250108124852.0
008 008 250107s9999 xx 000 0 hin d
020 _a978-93-82662-59-4
037 _aTB
040 _aCRL
_bhin
_cCRL
041 _ahin
_2hin
084 _aΔ 152Q9
084 _qCRL
100 _aकाम्बूसैनी, कर्ण सिंह, ले.
_9729985
245 0 _aभारत में धार्मिक पुनर्जागरण आन्दोलन
_cकाम्बूसैनी, कर्ण सिंह, ले.
260 _aरूड़की, भारत
_bनूतन प्रतिभा प्रकाशन
_c2503
300 _a54पृ0
365 _aINR
_b200
650 _aधर्म
942 _cTB
_hΔ 152Q9
999 _c1234891
_d1234891